LEADER 01821nem 2200457I 450 001 9910702745803321 005 20141201105340.0 035 $a(CKB)5470000002430742 035 $a(OCoLC)897119785 035 $a(EXLCZ)995470000002430742 100 $a20141201d2014 ca 101 0 $aeng 120 $ab|||||||||||| 121 $a||||||||| 124 $bd 135 $aurcn||||||||| 181 $ccri$2rdacontent 182 $cc$2rdamedia 183 $acr$2rdacarrier 200 10$aFlood inundation maps for the Saddle River in Ho-Ho-Kus Borough, the Village of Ridgewood, and Paramus Borough, New Jersey, 2013 /$fby Kara M. Watson and Michal J. Niemoczynski ; prepared in cooperation with the New Jersey Department of Environmental Protection 210 1$aReston, Virginia :$cU.S. Department of the Interior, U.S. Geological Survey,$d2014. 215 $a1 online resource (10 maps) $ccolor +$e1 pamphlet (v, 10 pages) 225 1 $aScientific investigations map ;$v3299 300 $aTitle from title screen (viewed Dec. 1, 2014). 300 $aIncludes text and location map. 320 $aIncludes bibliographical references in pamphlet (page 10). 606 $aFloods$zNew Jersey$zSaddle River$vMaps 606 $aFloodplains$zNew Jersey$zSaddle River$vMaps 608 $aMaps.$2lcgft 615 0$aFloods 615 0$aFloodplains 700 $aWatson$b Kara M.$01385946 702 $aNiemoczynski$b Michal J. 712 02$aNew Jersey.$bDepartment of Environmental Protection, 712 02$aGeological Survey (U.S.), 801 0$bGPO 801 1$bGPO 906 $aBOOK 912 $a9910702745803321 996 $aFlood inundation maps for the Saddle River in Ho-Ho-Kus Borough, the Village of Ridgewood, and Paramus Borough, New Jersey, 2013$93434439 997 $aUNINA